• 首页
  • 本馆介绍
  • 公告通知
  • 最新文献
  • 馆藏检索
  • 电子资源
  • 读者导购
  • 参考咨询
  • 我的图书馆
  • 登录
  • 详细信息显示
  • 放入我的书架
  • 预约/预借图书
  • 作者相关作品
  • 分类相关作品
  • 丛书相关作品
  • 出版社相关作品

书目信息

  • 表格格式
  • 工作单格式
  • 卡片格式
题名:
中国体育竞赛产业发展报告
    
 
作者: 李挺 , 江和平 主编
分册:  
出版信息: 北京   人民日报出版社  2015
页数: 327页
开本: 24cm
丛书名:
单 册:
中图分类: G812.2
科图分类:
主题词: 运动竞赛--yun dong jing sai--体育产业--调查报告--中国
电子资源:
ISBN: 978-7-5115-3322-7
000 01193nam0 2200289 45
001 012001004418
005 20131022145349.0
010    @a978-7-5115-3322-7@dCNY56.00
099    @aCAL 012016016840
100    @a20160109g20159999em y0chiy50 ea
101 0  @achi
102    @aCN@b110000
105    @aak z 000yy
106    @ar
200 1  @a中国体育竞赛产业发展报告@Azhong guo ti yu jing sai chan ye fa zhan bao gao@f主编李挺, 江和平
210    @a北京@c人民日报出版社@d2015
215    @a327页@c图@d24cm
312    @a英文并列题名取自封面
330    @a本书主要是对中国体育竞赛产业的分析,包括体育竞赛产业的整体发展、环境分析、竞争力分析以及前景分析等。同时对排球产业、足球产业、羽毛球产业、高尔夫产业等进行了分类分析,并对北京、南京、广州等城市的体育竞赛产业进行了城市对比分析。
333    @a适用于体育文化研究人员、体育产业从业人员、武术爱好者、教育工作者及相关读者。
510 1  @aAnnual report on development of China's sports industry@zeng
606 0  @a运动竞赛@Ayun dong jing sai@x体育产业@x调查报告@y中国
690    @aG812.2@v5
701  0 @a李挺@Ali ting@4主编
701  0 @a江和平@Ajiang he ping@4主编
801  0 @b江苏凤凰@c20191020
905    @b1223176-81@dG812.2@e141@f6
    
    中国体育竞赛产业发展报告/主编李挺, 江和平.-北京:人民日报出版社,2015
    327页:图;24cm
    使用对象:适用于体育文化研究人员、体育产业从业人员、武术爱好者、教育工作者及相关读者。
    
    ISBN 978-7-5115-3322-7:CNY56.00
    本书主要是对中国体育竞赛产业的分析,包括体育竞赛产业的整体发展、环境分析、竞争力分析以及前景分析等。同时对排球产业、足球产业、羽毛球产业、高尔夫产业等进行了分类分析,并对北京、南京、广州等城市的体育竞赛产业进行了城市对比分析。
●
相关链接 在E读中查询图书 在五车中查询图书 在当当中查询图书 在豆瓣中查询图书


正题名:中国体育竞赛产业发展报告     索取号:G812.2/141         预约/预借

序号 登录号 条形码 馆藏地/架位号 状态 备注
1 1223176   212231761   第一样本阅览室/ [索取号:G812.2/141] 在馆    
2 1223177   212231770   教育系资料室/ [索取号:G812.2/141] 在馆    
3 1223178   212231789   教育系资料室/ [索取号:G812.2/141] 在馆    
4 1223179   212231798   教育系资料室/ [索取号:G812.2/141] 在馆    
5 1223180   212231805   第四借阅区/ [索取号:G812.2/141] 在馆    
6 1223181   212231814   第四借阅区/ [索取号:G812.2/141] 在馆    
唐山师范学院图书馆 欢迎您!
大连网信软件有限公司© 版权所有